LEADER 03366nam0 2200529 i 450 001 BVEE022333 005 20170908093212.0 012 $a*.** ***. ***. **** (C) 1516 (G)$2fei 100 $a20121127d1516 ||||0itac50 ba 101 | $agrc 102 $ait 181 1$6z01$ai $bxxxe 182 1$6z01$an 200 1 $aTade enestin, entē garou sē biblō. Theokritou eidyllia, hex kai triakonta. Tou autou epigrammata ennea kai deka. ... 210 $e[Roma]$ganalōmasi ... Kornēliou Benignou ... pronō de kai dexiotēti, Zachariou kalliergou tou krētos$hIanuariou 1516 215 $a2 v. ([88]; [116] c.)$d8º 300 $aRiferimenti: Legrand, E.L.J. Bib. hellénique 15.-16. s., v. 1 n. 49 p. 134 300 $aIl vol. 2, privo di front., contiene gli Scholia raccolti da Zacharias Kallierges 300 $aMarca di Calliergi sul front., di Benignus ? in fine (ambedue V199) 300 $aIn fine privilegio papale relativo anche al Pindaro pubblicato nel 1515 300 $aGot.; gr 300 $aSegn.:α⁴β-λ⁸μ⁴; Α-Ω⁴2α-2ε⁴ 300 $aIniziali e fregi xil. 316 $a1 v. - Timbro RB sul front. - Nota manoscritta sul front. e sulla carta di guardia anteriore in latino. - Sporadiche postille manoscritte ai margini in greco. - Legatura Farnese$5IT-NA0079, SALA FARN.39. B 16 317 $aPossessore: Farnese . $5IT-NA0079 SALA FARN. 39. B 16 517 1 $a˜Theokritou œEidyllia, ex kai triakonta. Tou autou epigrammata ennea kai deka.$9BVEE022334 620 $aIT$dRoma$3LO1L002924 700 0$aTheocritus$3BVEV011113$4070$05766 702 1$aKallierges$b, Zacharias$3BVEV058110 702 0$aFarnese$c $3NAPP000033$4390$5IT-NA0079 SALA FARN. 39. B 16 712 02$aBenignus, Cornelius$3BVEV058111$4650 712 02$aCalliergi, Zaccaria$3UBOV112743$4650 790 0$aTheocritus : Syracusanus$3CAGV023828$zTheocritus 790 0$aTeocrito$3CFIV224950$zTheocritus 790 0$aTheokritos$3CFIV225778$zTheocritus 790 0$aTheokritos$3CFIV225779$zTheocritus 790 0$aTheocrite$3NAPV103076$zTheocritus 791 02$aKallierges, Zacharias$3BVEV053776$zCalliergi, Zaccaria 801 3$aIT$bIT-NA0079$c20121127 850 $aIT-NA0079 912 $aBVEE022333 921 $aBVEM001569$bAquila bicipite coronata con scudo sul petto con le iniziali ZK.$cZ111$cK206$dSul frontespizio 921 $aMODM001368$bCaduceo (bastone alato su cui si attorcigliano simmetricamente due serpenti) e stella in alto$cV199$dIn fine 950 0$aBiblioteca Nazionale Vittorio Emanuele III$c1 v.$d BNSALA FARN.39. B 16$e BNA010014644545 R 1 v. - Timbro RB sul front. - Nota manoscritta sul front. e sulla carta di guardia anteriore in latino. - Sporadiche postille manoscritte ai margini in greco. - Legatura Farnese$fC $h20121127$i20121127$lLegatura Farnese$mCaratteristiche materiali$lTimbro RB sul front.$mTimbri storici della biblioteca proprietaria$lNota manoscritta sul front. e sulla carta di guardia anteriore in latino ; Sporadiche postille manoscritte ai margini in greco.$mNote, dedica, postille e note di possesso manoscritte 977 $a BN 996 $aTade enestin, entē garou sē biblō. Theokritou eidyllia, hex kai triakonta. Tou autou epigrammata ennea kai deka. ..$91480597 997 $aUNISANNIO LEADER 00966nam0-2200313---450- 001 990008438310403321 005 20061213111059.0 010 $a3506701444 035 $a000843831 035 $aFED01000843831 035 $a(Aleph)000843831FED01 035 $a000843831 100 $a20061213d2004----km-y0itay50------ba 101 0 $ager 102 $aDE 105 $aa-------001yy 200 1 $aKrisenherd Adria 1915-1955$eKonstruktion und Artikulation des Nationalen im italienisch-jugoslawischen Grenzraum$fRolf Worsdorfer 210 $aPaderborn$cSchoningh$d2004 215 $a629 p.$cill.$d24 cm 610 0 $aItalia e Iugoslavia$aRelazioni internazionali$a1915-1955 676 $a327$v21$zita 700 1$aWorsdorfer,$bRolf$f<1953- >$0253976 801 0$aIT$bUNINA$gRICA$2UNIMARC 901 $aBK 912 $a990008438310403321 952 $aXIV F 233$b42476$fFSPBC 959 $aFSPBC 996 $aKrisenherd Adria 1915-1955$929284 997 $aUNINA